00570nam a22002057a 450000500170000001000110001702000100002803500110003803700160004904000120006508200160007710000150009324500430010826000410015127000410019230000250023350000500025865000270030865000290033520170124105951.0 a985419 c00.00 a985419 bCen Lib/Ret aDPLbEN a332.41bDUA aDua, R. C. aEconomics of inflation /cby R. C. Dua aDelhibResearchco Publicationsc1980 a199, East Azad Nagar bDelhie110051 aviii,149p.c21cm(Hb) aIncludes bibliographic references and index  aEconomics of inflation aPrice inflation in India